| 000 | 00361nam a2200145Ia 4500 | ||
|---|---|---|---|
| 003 | OSt | ||
| 005 | 20240207152534.0 | ||
| 008 | 170523s9999 xx 000 0 und d | ||
| 020 | _a978-1884015243 | ||
| 040 | _ciimt university meerut | ||
| 100 | _aPATRICK- FURR | ||
| 245 | 0 | _aTOTAL QUALITY IN MANAGING H R | |
| 260 | _bDELHI VANITY BOOK INTER | ||
| 942 |
_2ddc _c02 |
||
| 999 |
_c395 _d395 |
||